[Event "Russian Championship G13 2016"]
[Site "Loo"]
[Date "2016.04.21"]
[Round "2.20"]
[White "Zyapaeva, Polina"]
[Black "Artamonova, Anna"]
[Result "1-0"]
[WhiteElo "1650"]
[BlackElo "1514"]
[PlyCount "113"]
[EventDate "2016.04.20"]

1. e4 c5 2. Nf3 Nc6 3. d4 cxd4 4. Nxd4 g6 5. Be2 Bg7 6. Nb3 Nf6 7. Nc3 O-O 8.
O-O d6 9. Re1 Bd7 10. Bf1 Rc8 11. Rb1 Ne5 12. h3 Nc4 13. Nd5 Nxd5 14. Qxd5 Qc7
15. c3 Be6 16. Qd1 Rfd8 17. Bf4 Qd7 18. Re2 d5 19. e5 Nb6 20. Nd4 Bf5 21. Nxf5
Qxf5 22. Bg3 Nc4 23. Qe1 Rc6 24. Rd1 Bh6 25. Rd4 Rb6 26. b3 Na3 27. Qd1 Nb5 28.
Rd3 Qc8 29. c4 Nc7 30. cxd5 Qd7 31. d6 exd6 32. exd6 Nb5 33. Re7 Qc6 34. d7 Bf8
35. Re8 Rxe8 36. d8=Q Rxd8 37. Rxd8 Nc3 38. Qe1 Ne4 39. Bf4 Kg7 40. Qa1+ f6 41.
Bc4 Qc5 42. Be3 Qc7 43. Bxb6 Qxb6 44. Rd7+ Kh8 45. Qd4 Qxd4 46. Rxd4 Nc3 47.
Rd8 Kg7 48. Rd7+ Kh8 49. Rxb7 Bc5 50. Rc7 Bb6 51. Rc8+ Kg7 52. b4 Ne4 53. a4
Bxf2+ 54. Kf1 Bd4 55. Ke2 Be3 56. Kd3 Nd6 57. Rc7+ 1-0

[Event "Russian Championship G13 2016"]
[Site "Loo"]
[Date "2016.04.21"]
[Round "2.21"]
[White "Ochirova, Anita"]
[Black "Portnova, Ksenia"]
[Result "1-0"]
[WhiteElo "1627"]
[BlackElo "1504"]
[PlyCount "89"]
[EventDate "2016.04.20"]

1. e4 c5 2. Ne2 Nc6 3. d4 cxd4 4. Nxd4 e5 5. Nb5 d6 6. N1c3 a6 7. Na3 b5 8. Nd5
Nge7 9. Be3 Nxd5 10. exd5 Ne7 11. c4 b4 12. Qa4+ Qd7 13. Qxb4 Ng6 14. Bd3 Be7
15. O-O O-O 16. Bxg6 fxg6 17. Qc3 Bf6 18. Qd3 Rb8 19. Qd2 Qb7 20. b3 Bf5 21.
Rac1 Qd7 22. Nc2 Be4 23. Nb4 Ra8 24. f3 Bf5 25. g4 Bxg4 26. fxg4 Qxg4+ 27. Qg2
Qd7 28. Nc6 Rae8 29. Rcd1 e4 30. b4 Qb7 31. Bg5 Bxg5 32. Qxg5 Qb6+ 33. Kh1 e3
34. Rxf8+ Rxf8 35. c5 e2 36. Rg1 dxc5 37. Qe3 Qb5 38. bxc5 Qc4 39. Ne7+ Kh8 40.
c6 Rf7 41. Qe6 Rf8 42. c7 Qd3 43. Qg4 e1=Q 44. Rxe1 Rf1+ 45. Kg2 1-0

[Event "Russian Championship G13 2016"]
[Site "Loo"]
[Date "2016.04.21"]
[Round "2.22"]
[White "Vostrikova, Stanislava"]
[Black "Kamaeva, Dzhamilya"]
[Result "0-1"]
[WhiteElo "1580"]
[BlackElo "1491"]
[PlyCount "154"]
[EventDate "2016.04.20"]

1. e4 e5 2. Nf3 Nc6 3. Bb5 a6 4. Ba4 Nf6 5. O-O b5 6. Bb3 Be7 7. Re1 O-O 8. c3
d6 9. h3 Be6 10. Bc2 Nd7 11. d4 exd4 12. cxd4 d5 13. e5 Nb4 14. Bb3 c5 15. Qe2
c4 16. Bd1 Nd3 17. Be3 Nxe1 18. Qxe1 Bf5 19. Nc3 Nb6 20. g4 Bd3 21. Qd2 Rc8 22.
Ne1 b4 23. Ne2 Bxe2 24. Bxe2 Qd7 25. f4 c3 26. bxc3 bxc3 27. Qc1 Qa4 28. Bd1
Qa3 29. Qxa3 Bxa3 30. Bc2 Nc4 31. Bf2 Bb2 32. Rd1 Rb8 33. f5 Rfc8 34. g5 Na3
35. Kf1 Rb4 36. Ke2 Nxc2 37. Nxc2 Ra4 38. Kd3 Rxa2 39. f6 g6 40. Re1 Kf8 41. h4
Ra4 42. Rh1 Rac4 43. h5 Kg8 44. hxg6 hxg6 45. Re1 a5 46. e6 fxe6 47. Rxe6 a4
48. Ra6 a3 49. Ra7 Kf8 50. Bg3 R4c6 51. Be5 Bc1 52. f7 Bxg5 53. Rxa3 Be7 54.
Ra5 Rd8 55. Rb5 Kxf7 56. Rb3 Rdc8 57. Rb5 Ke6 58. Rb1 Bd6 59. Bxd6 Rxd6 60. Rb3
Kf5 61. Ne3+ Ke6 62. Nc2 g5 63. Rb1 Kf6 64. Rf1+ Kg6 65. Rh1 Rf6 66. Re1 Rf3+
67. Ke2 Rh3 68. Kd1 Rh2 69. Re6+ Kh5 70. Re2 Rxe2 71. Kxe2 g4 72. Kf2 Kh4 73.
Kg2 g3 74. Kg1 Kh3 75. Kh1 Rb8 76. Ne3 Rb1+ 77. Nf1 Rxf1# 0-1

[Event "Russian Championship G13 2016"]
[Site "Loo"]
[Date "2016.04.21"]
[Round "2.24"]
[White "Kirchei, Viktoriia"]
[Black "Ibragimova, Gulnaz"]
[Result "1-0"]
[WhiteElo "1569"]
[BlackElo "1412"]
[PlyCount "57"]
[EventDate "2016.04.20"]

1. d3 e5 2. g3 d5 3. Bg2 d4 4. Nf3 Nc6 5. O-O Bd6 6. Re1 Nf6 7. e4 a6 8. Nbd2
O-O 9. Nc4 Bb4 10. Re2 Qe7 11. a3 Bd6 12. h3 Be6 13. Nxd6 Qxd6 14. Ne1 Qd7 15.
Kh2 Nh5 16. f4 exf4 17. gxf4 Nf6 18. Nf3 Qe7 19. Qe1 Rfe8 20. Qg1 Rad8 21. Bf1
Nh5 22. Kh1 Bc8 23. f5 Qf6 24. Qg4 g6 25. Bh6 Ne5 26. Nxe5 Qxe5 27. Rg2 Nf6 28.
Qh4 Nh5 29. Qxh5 1-0

[Event "Russian Championship G13 2016"]
[Site "Loo"]
[Date "2016.04.21"]
[Round "2.25"]
[White "Galushko, Karina"]
[Black "Markova, Anna"]
[Result "0-1"]
[WhiteElo "1404"]
[BlackElo "1567"]
[PlyCount "90"]
[EventDate "2016.04.20"]

1. d4 d5 2. c4 e6 3. Nc3 Nf6 4. cxd5 exd5 5. Bf4 c6 6. e3 Bd6 7. Bxd6 Qxd6 8.
Nf3 Nbd7 9. Bd3 O-O 10. Qc2 Re8 11. O-O-O a5 12. h3 b5 13. g4 b4 14. Na4 Ne4
15. Bxe4 dxe4 16. Nd2 Qd5 17. Kb1 Ba6 18. Nc5 Nxc5 19. Qxc5 Bd3+ 20. Ka1 Qxc5
21. dxc5 Re5 22. Rc1 a4 23. Nc4 Rxc5 24. Nb6 Raa5 25. Rxc5 Rxc5 26. Nxa4 Rc2
27. a3 bxa3 28. bxa3 Rxf2 29. Nc5 Rc2 30. Nd7 f6 31. Rb1 Bb5 32. Nb6 Rc3 33. a4
Bxa4 34. Nxa4 Ra3+ 35. Kb2 Rxa4 36. Kc3 Ra2 37. Rb4 Ra3+ 38. Kd4 c5+ 39. Kxc5
Rxe3 40. Kd4 Rxh3 41. Kxe4 Kf7 42. Kf5 g6+ 43. Kf4 g5+ 44. Kf5 Rf3+ 45. Ke4
Rf4+ 0-1

[Event "Russian Championship G13 2016"]
[Site "Loo"]
[Date "2016.04.21"]
[Round "2.23"]
[White "Shchedrova, Tatjana"]
[Black "Plekhanova, Ekaterina"]
[Result "1/2-1/2"]
[WhiteElo "1443"]
[BlackElo "1572"]
[PlyCount "133"]
[EventDate "2016.04.20"]

1. e4 c5 2. c3 e6 3. d4 cxd4 4. cxd4 Nc6 5. Nf3 Nf6 6. e5 Nd5 7. Bc4 Nb6 8. Bb3
d6 9. Qe2 dxe5 10. dxe5 Bb4+ 11. Bd2 Bxd2+ 12. Nbxd2 O-O 13. O-O Ne7 14. Rfd1
Nbd5 15. Rac1 Bd7 16. Ne4 Rc8 17. Nd6 Rxc1 18. Rxc1 Qb6 19. Qd2 a5 20. Nc4 Qa6
21. Qxa5 Rc8 22. Qxa6 bxa6 23. Rd1 Nf5 24. g4 Nfe7 25. h3 Bc6 26. Nd4 Ba8 27.
Kh2 Ng6 28. Ne2 Rc5 29. f4 Rc8 30. f5 exf5 31. gxf5 Nge7 32. Nd6 Rd8 33. f6
gxf6 34. exf6 Nxf6 35. Rg1+ Kf8 36. Nxf7 Rd2 37. Re1 Nf5 38. Kg1 Nh5 39. Ne5
Nhg3 40. Kf2 Ne4+ 41. Kf3 Neg3+ 42. Kf4 Nxe2+ 43. Kxf5 Nd4+ 44. Kf4 Nxb3 45.
axb3 Rxb2 46. Ra1 Bb7 47. Nd7+ Kg7 48. Nc5 Bc8 49. Kg3 Rc2 50. Nxa6 Rc3+ 51.
Kh2 Rxh3+ 52. Kg2 Rxb3 53. Ra2 Bb7+ 54. Kh2 Bd5 55. Rc2 Ra3 56. Nb4 Be4 57. Rd2
Rb3 58. Nd5 Bf3 59. Nf4 h5 60. Nxh5+ Bxh5 61. Kg2 Be8 62. Kf2 Bc6 63. Re2 Rf3+
64. Ke1 Bb5 65. Rc2 Kf6 66. Rf2 Rxf2 67. Kxf2 1/2-1/2

[Event "Russian Championship G15 2016"]
[Site "Loo"]
[Date "2016.04.21"]
[Round "2.1"]
[White "Shakhmatova, Kseniya"]
[Black "Maltsevskaya, Aleksandra"]
[Result "1/2-1/2"]
[WhiteElo "1828"]
[BlackElo "2146"]
[PlyCount "159"]
[EventDate "2016.04.20"]

1. d4 Nf6 2. c4 g6 3. Nc3 Bg7 4. e4 d6 5. Nf3 O-O 6. Be2 e5 7. dxe5 dxe5 8.
Qxd8 Rxd8 9. Bg5 Re8 10. Rd1 Na6 11. h3 c6 12. Be3 b6 13. O-O Nh5 14. Rd2 Nf4
15. Bxf4 exf4 16. Nd4 Bb7 17. Bf3 Nc5 18. Rfd1 Rac8 19. Rc2 Rc7 20. Rcd2 Ba6
21. b3 h5 22. Rc2 Nd7 23. Nxc6 Bxc3 24. Rxc3 Nc5 25. e5 Bb7 26. Nb4 Rxe5 27.
Nd5 Bxd5 28. Bxd5 Re2 29. a3 Kg7 30. h4 a5 31. Rd4 Rb2 32. b4 axb4 33. axb4
Rxb4 34. Rxf4 Ra4 35. Re3 Rd7 36. Ref3 f5 37. Kh2 Re7 38. Rd4 b5 39. Bc6 Rxc4
40. Rxc4 bxc4 41. Bd5 Nd3 42. Bxc4 Ne5 43. Rf4 Kf6 44. Rd4 Rc7 45. Bb5 Ng4+ 46.
Kg3 Rc3+ 47. f3 Ke5 48. Ra4 Ne3 49. Ra2 f4+ 50. Kf2 Rc1 51. Be2 Rh1 52. Ra5+
Kf6 53. Ra6+ Kg7 54. Bd3 Rd1 55. Ra3 Rd2+ 56. Be2 Nxg2 57. Kxg2 Rxe2+ 58. Kh3
Re3 59. Ra7+ Kf6 60. Kg2 Re6 61. Ra5 Re5 62. Ra6+ Kf5 63. Ra2 Rc5 64. Re2 Rd5
65. Kh3 Re5 66. Rd2 Ke6 67. Rg2 Kf6 68. Rd2 Kf5 69. Kg2 Rc5 70. Re2 g5 71. hxg5
Kxg5 72. Kh3 Rd5 73. Rg2+ Kf5 74. Kh4 Rd3 75. Rg5+ Kf6 76. Rxh5 Rxf3 77. Kg4
Rf1 78. Rf5+ Ke6 79. Rxf4 Rxf4+ 80. Kxf4 1/2-1/2

[Event "Russian Championship G15 2016"]
[Site "Loo"]
[Date "2016.04.21"]
[Round "2.2"]
[White "Goltseva, Ekaterina"]
[Black "Strukova, Ksenia"]
[Result "1-0"]
[WhiteElo "2137"]
[BlackElo "1822"]
[PlyCount "97"]
[EventDate "2016.04.20"]

1. d4 Nf6 2. c4 d6 3. Nf3 g6 4. Nc3 Bg7 5. e4 O-O 6. Be2 Na6 7. O-O e5 8. Be3
Ng4 9. Bg5 f6 10. Bc1 Nh6 11. dxe5 dxe5 12. Qb3 Kh8 13. Rd1 Qe8 14. Qa3 c6 15.
h3 Nf7 16. Nd2 Be6 17. b4 Nc7 18. Nb3 b6 19. Be3 Qe7 20. c5 Bxb3 21. Qxb3 b5
22. a4 a6 23. Rd2 Rfd8 24. Rda2 Rab8 25. axb5 axb5 26. Ra7 Ra8 27. Rxa8 Rxa8
28. Rxa8+ Nxa8 29. Qa2 Qe8 30. Nxb5 cxb5 31. Bxb5 Qf8 32. Qa7 Ng5 33. Bxg5 fxg5
34. Bc6 Qf4 35. Qxa8+ Bf8 36. g3 Qf3 37. Qe8 Qf6 38. Bd5 Kg7 39. Qd7+ Qe7 40.
Qxe7+ Bxe7 41. Kf1 Kf6 42. Ke2 Bd8 43. Kd3 h5 44. Kc4 h4 45. b5 Ke7 46. g4 Kd7
47. b6 Be7 48. c6+ Kd8 49. c7+ 1-0

[Event "Russian Championship G15 2016"]
[Site "Loo"]
[Date "2016.04.21"]
[Round "2.3"]
[White "Vinokur, Yuliya"]
[Black "Sargsyan, Anna"]
[Result "1-0"]
[WhiteElo "1963"]
[BlackElo "1783"]
[PlyCount "77"]
[EventDate "2016.04.20"]

1. Nf3 c5 2. b3 Nc6 3. Bb2 d6 4. g3 e5 5. d3 Be7 6. Bg2 Be6 7. c4 Qd7 8. e3 Bh3
9. Bxh3 Qxh3 10. Nc3 Qd7 11. d4 cxd4 12. exd4 Rd8 13. O-O f5 14. dxe5 dxe5 15.
Qxd7+ Rxd7 16. Nd5 Bd6 17. Nxe5 Bxe5 18. Rae1 Kf7 19. Bxe5 Nxe5 20. Rxe5 g6 21.
Rfe1 h5 22. Re8 Rh7 23. h4 a6 24. Kg2 Nf6 25. R1e7+ Rxe7 26. Rxe7+ Kf8 27. Rxh7
Nxh7 28. Kf3 Kf7 29. Ke3 Nf8 30. Nf4 Kf6 31. Kd4 Nd7 32. Nd3 g5 33. Nc5 Nxc5
34. Kxc5 f4 35. Kb6 Kf5 36. Kxb7 Kg4 37. c5 gxh4 38. gxh4 Kf3 39. c6 1-0

[Event "Russian Championship G15 2016"]
[Site "Loo"]
[Date "2016.04.21"]
[Round "2.4"]
[White "Uskova, Taisiya"]
[Black "Zotova, Anastasia"]
[Result "1/2-1/2"]
[WhiteElo "1811"]
[BlackElo "1934"]
[PlyCount "71"]
[EventDate "2016.04.20"]

1. e4 c5 2. Nf3 d6 3. c3 Nf6 4. Be2 Bd7 5. d3 g6 6. h3 Bg7 7. Be3 O-O 8. O-O
Bc6 9. Na3 Nbd7 10. Nc2 Qc7 11. Bf4 b6 12. Qc1 Rac8 13. Re1 Qb7 14. Bh6 Rfe8
15. Bxg7 Kxg7 16. Ne3 Qb8 17. Qd2 b5 18. b3 Nb6 19. Rab1 Qc7 20. c4 bxc4 21.
bxc4 Rb8 22. Rb2 Na4 23. Rb3 e6 24. Reb1 d5 25. e5 Nd7 26. Ng4 Kf8 27. Qh6+ Ke7
28. Qh4+ Kf8 29. Qxh7 dxc4 30. Rxb8 Rxb8 31. Rxb8+ Nxb8 32. Qh8+ Ke7 33. Qf6+
Ke8 34. Qh8+ Ke7 35. Qf6+ Ke8 36. Qh8+ 1/2-1/2

[Event "Russian Championship G15 2016"]
[Site "Loo"]
[Date "2016.04.21"]
[Round "2.5"]
[White "Budnikova, Varvara"]
[Black "Garmash, Aliona"]
[Result "1-0"]
[WhiteElo "1932"]
[BlackElo "1763"]
[PlyCount "81"]
[EventDate "2016.04.20"]

1. e4 c6 2. Nf3 d5 3. Nc3 Bg4 4. h3 Bxf3 5. Qxf3 e6 6. d4 dxe4 7. Qxe4 Nf6 8.
Qh4 Nbd7 9. Bd3 Be7 10. O-O O-O 11. Bd2 Re8 12. Qg3 Nf8 13. Ne2 Bd6 14. f4 c5
15. Qf3 Qc7 16. Kh1 c4 17. Be4 Nxe4 18. Qxe4 Nd7 19. Qf3 Nf6 20. c3 Nd5 21.
Rae1 Qc6 22. Ng3 a6 23. Ne4 Bc7 24. f5 f6 25. fxe6 Rxe6 26. Qh5 g6 27. Qg4 Rae8
28. h4 Kh8 29. Nc5 Rxe1 30. Rxe1 Rxe1+ 31. Bxe1 f5 32. Qe2 b5 33. Bd2 a5 34. b3
cxb3 35. axb3 a4 36. bxa4 bxa4 37. c4 Nb6 38. Qe7 Bd6 39. Qf6+ Kg8 40. Bh6 Qc7
41. Qe6+ 1-0

[Event "Russian Championship G15 2016"]
[Site "Loo"]
[Date "2016.04.21"]
[Round "2.6"]
[White "Usacheva, Glafira"]
[Black "Afanasieva, Alexandra"]
[Result "1/2-1/2"]
[WhiteElo "1808"]
[BlackElo "1901"]
[PlyCount "72"]
[EventDate "2016.04.20"]

1. e4 c6 2. d4 d5 3. Nc3 dxe4 4. Nxe4 h6 5. Nf3 Bf5 6. Ng3 Bh7 7. h4 Nd7 8. Bd3
Bxd3 9. Qxd3 e6 10. Bf4 Qa5+ 11. c3 Ngf6 12. Ne4 Nxe4 13. Qxe4 Nf6 14. Qe2 Be7
15. Ne5 Qd5 16. Rg1 Qe4 17. Qxe4 Nxe4 18. f3 Nf6 19. g4 Nd5 20. Bg3 c5 21. dxc5
Bxc5 22. Bf2 Bxf2+ 23. Kxf2 Ke7 24. Rad1 Rad8 25. Rd4 Kf6 26. Re1 g5 27. h5 Nf4
28. Nd7+ Ke7 29. Red1 Nd5 30. Ne5 Kf6 31. Re1 Nf4 32. Nd7+ Ke7 33. Red1 Nd5 34.
Ne5 Kf6 35. Re1 Nf4 36. Nd7+ Ke7 1/2-1/2

[Event "Russian Championship G15 2016"]
[Site "Loo"]
[Date "2016.04.21"]
[Round "2.7"]
[White "Miroshnik, Ekaterina"]
[Black "Shengeliya, Anastasiya"]
[Result "1-0"]
[WhiteElo "1896"]
[BlackElo "1752"]
[PlyCount "123"]
[EventDate "2016.04.20"]

1. d4 d5 2. c4 e6 3. Nf3 c6 4. e3 f5 5. Nc3 Nf6 6. Bd3 Bd6 7. O-O O-O 8. Ne2
Ne4 9. b3 Nd7 10. Bb2 g5 11. Ne5 Qc7 12. f4 g4 13. Bxe4 dxe4 14. Ng3 Nf6 15.
Qd2 Qg7 16. b4 a6 17. a4 Bd7 18. Rfd1 Qe7 19. Nxd7 Nxd7 20. c5 Bc7 21. d5 exd5
22. Qd4 Qf6 23. Qxf6 Nxf6 24. Nxf5 h5 25. Nd4 Kf7 26. b5 cxb5 27. axb5 Nd7 28.
b6 Bd8 29. Ba3 Be7 30. Nb3 Ke6 31. Nd4+ Kf7 32. Nf5 Bxc5 33. Bxc5 Nxc5 34. Rxd5
Rac8 35. Nd6+ Ke6 36. Rd4 Nb3 37. Nxc8 Nxd4 38. exd4 Rxc8 39. Ra5 e3 40. Re5+
Kd6 41. Rxe3 Kd5 42. Re7 Kc6 43. Re6+ Kd5 44. Rh6 Kxd4 45. Rh7 Rc1+ 46. Kf2 Rb1
47. Rxb7 Kc5 48. f5 Rb5 49. f6 Kc6 50. Rf7 Rf5+ 51. Ke3 Kxb6 52. Ke4 Rf2 53.
Rf8 Kc7 54. Ke5 Kd7 55. Ra8 h4 56. Ra7+ Ke8 57. Ke6 Re2+ 58. Kf5 g3 59. hxg3
hxg3 60. Kg6 Rf2 61. Kg7 Rf4 62. f7+ 1-0

[Event "Russian Championship G15 2016"]
[Site "Loo"]
[Date "2016.04.21"]
[Round "2.8"]
[White "Levicheva, Ekaterina"]
[Black "Bulatova, Kamaliya"]
[Result "1-0"]
[WhiteElo "1766"]
[BlackElo "1893"]
[PlyCount "145"]
[EventDate "2016.04.20"]

1. e4 c5 2. Nf3 d6 3. d4 cxd4 4. Nxd4 Nf6 5. f3 e5 6. Nb3 d5 7. Bg5 d4 8. c3
Nc6 9. cxd4 Bb4+ 10. Bd2 exd4 11. Bb5 O-O 12. Bxc6 Bxd2+ 13. Qxd2 bxc6 14. Qxd4
Qe7 15. O-O Ba6 16. Re1 Rfd8 17. Qf2 Nd7 18. Nc3 Bc4 19. Na5 Ne5 20. Nxc4 Nxc4
21. Rad1 Qb4 22. Rd4 Rxd4 23. Qxd4 c5 24. Qd5 Nb6 25. Qb3 Qd4+ 26. Kh1 Qf2 27.
Rd1 g6 28. Nd5 Qe2 29. Nf4 Qf2 30. Qc3 Na4 31. Qd2 Qxd2 32. Rxd2 Rb8 33. b3 c4
34. h3 cxb3 35. axb3 Rxb3 36. Rd8+ Kg7 37. Rd7 a6 38. Ne6+ Kf6 39. Nd8 Nc5 40.
Rxf7+ Ke5 41. Nc6+ Kd6 42. Na5 Rb1+ 43. Kh2 Ke5 44. Kg3 h5 45. Nc6+ Ke6 46. Rg7
Kf6 47. Re7 Rb7 48. e5+ Kf5 49. Nd4+ Kg5 50. Ne6+ Kf5 51. Nd4+ Kg5 52. f4+ Kh6
53. Rxb7 Nxb7 54. Kf3 a5 55. Ke4 a4 56. Nb5 Kg7 57. Kd5 Kf8 58. Kc6 Na5+ 59.
Kd7 Nc4 60. e6 Nb6+ 61. Kd8 Nd5 62. Nc3 Nc7 63. e7+ Kf7 64. Nxa4 Ne8 65. Nc5
Nd6 66. Ne4 Ne8 67. Kd7 h4 68. Nd6+ Nxd6 69. Kxd6 Ke8 70. Ke6 g5 71. f5 g4 72.
f6 g3 73. f7# 1-0

[Event "Russian Championship G15 2016"]
[Site "Loo"]
[Date "2016.04.21"]
[Round "2.9"]
[White "Koroleva, Evgeniya"]
[Black "Urvacheva, Arina"]
[Result "1-0"]
[WhiteElo "1881"]
[BlackElo "1750"]
[PlyCount "39"]
[EventDate "2016.04.20"]

1. d4 Nf6 2. c4 e6 3. Nc3 Bb4 4. a3 Bxc3+ 5. bxc3 c5 6. e3 O-O 7. Bd3 Nc6 8.
Ne2 d6 9. e4 Nd7 10. O-O Na5 11. Ng3 Nb6 12. e5 dxe5 13. dxe5 Nbxc4 14. f4 Nb6
15. Nh5 Nd7 16. Rf3 g6 17. Rg3 c4 18. Bc2 Nc6 19. Be3 Qe7 20. Rh3 1-0

[Event "Russian Championship G15 2016"]
[Site "Loo"]
[Date "2016.04.21"]
[Round "2.10"]
[White "Krikunova, Olesya"]
[Black "Pankova, Julia"]
[Result "0-1"]
[WhiteElo "1756"]
[BlackElo "1861"]
[PlyCount "58"]
[EventDate "2016.04.20"]

1. d4 d5 2. Nf3 Nf6 3. c4 c6 4. Qc2 g6 5. g3 Bg7 6. Bg2 O-O 7. O-O Bf5 8. Qb3
Qb6 9. Qxb6 axb6 10. cxd5 cxd5 11. Nc3 Nc6 12. Bf4 Rfc8 13. Rfd1 Ra5 14. a3 h6
15. Be5 Ne4 16. Bxg7 Nxc3 17. bxc3 Kxg7 18. Nh4 Be6 19. Rdb1 Ra6 20. e4 dxe4
21. Bxe4 Bc4 22. d5 Na5 23. Rd1 b5 24. Ng2 Nb3 25. Rab1 Nc5 26. Bc2 Rxa3 27.
Ne3 Rxc3 28. Rd4 h5 29. Nd1 Rxc2 0-1

[Event "Russian Championship G15 2016"]
[Site "Loo"]
[Date "2016.04.21"]
[Round "2.11"]
[White "Popova, Irina"]
[Black "Badzgaradze, Elena"]
[Result "1-0"]
[WhiteElo "1856"]
[BlackElo "1692"]
[PlyCount "87"]
[EventDate "2016.04.20"]

1. d4 Nf6 2. c4 e6 3. Nc3 Bb4 4. Qc2 d5 5. a3 Bxc3+ 6. Qxc3 Ne4 7. Qc2 O-O 8.
Nf3 Nd7 9. Bf4 c6 10. e3 f5 11. cxd5 exd5 12. Bd3 Ndf6 13. O-O-O Bd7 14. Ne5
Rc8 15. Nxd7 Qxd7 16. f3 c5 17. Kb1 c4 18. Bf1 Nd6 19. h4 b5 20. g4 a5 21. Bh3
b4 22. g5 Nfe8 23. e4 b3 24. Qe2 c3 25. Rc1 c2+ 26. Ka1 Nc4 27. Rce1 Qa4 28.
Bc1 Ned6 29. Bxf5 Rce8 30. Qd3 Re7 31. Bxh7+ Kh8 32. Rh2 Nb5 33. Rxc2 Nbxa3 34.
bxa3 bxc2 35. e5 Rb7 36. Qxc2 Qb5 37. e6 Rxf3 38. e7 Qe8 39. Bg6 Nxa3 40. Qc6
Rb1+ 41. Bxb1 Nc2+ 42. Qxc2 g6 43. Qc8 Qxc8 44. e8=Q+ 1-0

[Event "Russian Championship G15 2016"]
[Site "Loo"]
[Date "2016.04.21"]
[Round "2.12"]
[White "Voskresenskaya, Marta"]
[Black "Fonyak, Marina"]
[Result "0-1"]
[WhiteElo "1751"]
[BlackElo "1852"]
[PlyCount "80"]
[EventDate "2016.04.20"]

1. d4 Nf6 2. c4 e6 3. Nf3 d5 4. Nc3 Bb4 5. Bg5 dxc4 6. e4 b5 7. e5 h6 8. exf6
hxg5 9. fxg7 Rg8 10. a3 Bxc3+ 11. bxc3 Rxg7 12. a4 c6 13. axb5 cxb5 14. Qb1 Qd5
15. Ne5 Bb7 16. Ng4 Nd7 17. Ne3 Qc6 18. Be2 g4 19. Rg1 Nf6 20. Qb2 a6 21. Qc1
O-O-O 22. Qa3 Rh8 23. O-O-O Qc7 24. Rh1 Ne4 25. Rdf1 f5 26. Kb2 Nf6 27. Rfg1 f4
28. Nc2 Rg5 29. f3 Rhg8 30. Re1 e5 31. dxe5 Rxe5 32. Nd4 Nd5 33. fxg4 Re3 34.
Bf3 Rxc3 35. Qxc3 Nxc3 36. Kxc3 Qa5+ 37. Kc2 Qa2+ 38. Kc3 Qa3+ 39. Kc2 Qd3+ 40.
Kc1 Qxd4 0-1

[Event "Russian Championship G15 2016"]
[Site "Loo"]
[Date "2016.04.21"]
[Round "2.13"]
[White "Getman, Tatyana"]
[Black "Kvachko, Anastasiya"]
[Result "1-0"]
[WhiteElo "1732"]
[BlackElo "1831"]
[PlyCount "117"]
[EventDate "2016.04.20"]

1. d4 Nf6 2. c4 g6 3. Nc3 d5 4. cxd5 Nxd5 5. e4 Nxc3 6. bxc3 Bg7 7. Bc4 c5 8.
Ne2 O-O 9. O-O Nc6 10. Be3 Bg4 11. f3 Na5 12. Bxf7+ Rxf7 13. fxg4 Rxf1+ 14.
Kxf1 Qd7 15. h3 Qe6 16. Qd3 Rd8 17. d5 Qd6 18. Kg1 Be5 19. Rf1 a6 20. Bg5 Rf8
21. Rxf8+ Kxf8 22. Qf3+ Ke8 23. Nf4 Qb6 24. Ne6 Qb1+ 25. Kf2 Qc2+ 26. Kf1 Qb1+
27. Ke2 Qxa2+ 28. Bd2 Bf6 29. Qf4 Qc4+ 30. Kf2 Nc6 31. dxc6 Qxe6 32. cxb7 Be5
33. b8=Q+ Bxb8 34. Qxb8+ Kf7 35. Qf4+ Ke8 36. Be3 c4 37. Bd4 a5 38. Qe5 Qxe5
39. Bxe5 a4 40. Bf4 a3 41. Bc1 a2 42. Bb2 Kf7 43. Ke3 Kf6 44. Kd4 Kg5 45. g3 h5
46. Bc1+ Kf6 47. e5+ Kg7 48. Bb2 hxg4 49. h4 Kf7 50. Kxc4 Ke6 51. Kd4 Kd7 52.
c4 Kc6 53. c5 e6 54. Kc4 Kc7 55. Kb5 Kb7 56. c6+ Kc8 57. Kb6 Kb8 58. c7+ Kc8
59. Ba1 1-0

[Event "Russian Championship G15 2016"]
[Site "Loo"]
[Date "2016.04.21"]
[Round "2.14"]
[White "Litvinova, Kseniya"]
[Black "Znamenskaya, Darya"]
[Result "0-1"]
[WhiteElo "1616"]
[BlackElo "1589"]
[PlyCount "96"]
[EventDate "2016.04.20"]

1. c4 c6 2. g3 d5 3. Bg2 g6 4. Nf3 Bg7 5. Na3 a5 6. O-O Nf6 7. d3 O-O 8. Rb1
Na6 9. cxd5 Nxd5 10. Nc4 Re8 11. Bd2 Nc5 12. Ne3 e5 13. Qc2 Ne6 14. Rfc1 Nd4
15. Qd1 Nf5 16. Nc4 Nd6 17. a3 Nxc4 18. Rxc4 Nf6 19. Ng5 Ng4 20. h3 Nf6 21. b4
axb4 22. axb4 h6 23. Nf3 e4 24. dxe4 Nxe4 25. e3 Bf5 26. Rbc1 Bb2 27. Nd4 Bxc1
28. Qxc1 Nxd2 29. Qxd2 Be6 30. Rc1 Bd5 31. Bf1 Qf6 32. Rc2 Re4 33. Bg2 Re5 34.
Bf1 Be4 35. Rc1 Rd5 36. Bg2 Bxg2 37. Kxg2 Rc8 38. Qb2 Qe7 39. Rb1 b6 40. Rc1 c5
41. bxc5 bxc5 42. Qb3 Rd7 43. Qb5 Rdc7 44. Ne2 c4 45. Nf4 Rc5 46. Qb1 c3 47.
Qb4 Qd7 48. Qb3 Qd6 0-1

[Event "Russian Championship G15 2016"]
[Site "Loo"]
[Date "2016.04.21"]
[Round "2.15"]
[White "Reva, Liubov"]
[Black "Komleva, Ekaterina"]
[Result "1/2-1/2"]
[WhiteElo "1594"]
[BlackElo "1808"]
[PlyCount "45"]
[EventDate "2016.04.20"]

1. d4 Nf6 2. c4 e6 3. Nc3 Bb4 4. Bd2 O-O 5. Nf3 d5 6. e3 Nbd7 7. Be2 c6 8. O-O
Bxc3 9. Bxc3 Ne4 10. cxd5 exd5 11. Bd3 Ndf6 12. Ne5 Nxc3 13. bxc3 Nd7 14. f4
Nxe5 15. dxe5 f6 16. Qh5 g6 17. Bxg6 hxg6 18. Qxg6+ Kh8 19. Qh6+ Kg8 20. Qg6+
Kh8 21. Qh6+ Kg8 22. Qg6+ Kh8 23. Qh6+ 1/2-1/2

[Event "Russian Championship G15 2016"]
[Site "Loo"]
[Date "2016.04.21"]
[Round "2.16"]
[White "Serditykh, Olesya"]
[Black "Bogdanova, Natalya"]
[Result "1-0"]
[WhiteElo "1844"]
[BlackElo "1806"]
[PlyCount "109"]
[EventDate "2016.04.20"]

1. d4 d5 2. Nf3 Nf6 3. c4 e6 4. Nc3 Be7 5. Bg5 O-O 6. e3 b6 7. cxd5 Nxd5 8.
Bxe7 Qxe7 9. Bd3 Nd7 10. O-O N7f6 11. a3 Bb7 12. Nxd5 exd5 13. b4 c5 14. dxc5
bxc5 15. bxc5 Qxc5 16. Qb3 Rab8 17. Rfc1 Qe7 18. Nd4 Ne4 19. Bxe4 dxe4 20. Rab1
Rbc8 21. h3 Ba8 22. Rc3 Bd5 23. Qb2 Rxc3 24. Qxc3 f6 25. Rc1 h6 26. Qa5 Qd6 27.
Nf5 Qd7 28. Qxd5+ Qxd5 29. Ne7+ Kf7 30. Nxd5 Ke6 31. Nf4+ Kd6 32. Rb1 Kc6 33.
Ne6 Rg8 34. Nd4+ Kc7 35. Kf1 a6 36. Ke2 h5 37. Rb4 Re8 38. Rc4+ Kd7 39. Nb3 Kd6
40. Nd4 Kd7 41. Ra4 Ra8 42. Nf5 g6 43. Nh4 g5 44. Nf5 Ke6 45. Ng7+ Ke5 46. Ra5+
Kd6 47. Nxh5 Ke6 48. Ng3 Ke7 49. Nxe4 Rb8 50. Rxa6 Rb2+ 51. Kf3 Rb1 52. Nxf6
Rh1 53. Nd5+ Kf7 54. Kg3 Ra1 55. a4 1-0

[Event "Russian Championship G15 2016"]
[Site "Loo"]
[Date "2016.04.21"]
[Round "2.17"]
[White "Bogdanova, Darya"]
[Black "Filippova, Darya"]
[Result "0-1"]
[WhiteElo "1695"]
[BlackElo "1976"]
[PlyCount "110"]
[EventDate "2016.04.20"]

1. d4 d5 2. c4 e6 3. Nc3 Nf6 4. Bg5 Be7 5. e3 c6 6. cxd5 Nxd5 7. Bxe7 Qxe7 8.
Nf3 Nd7 9. a3 O-O 10. Bd3 N5f6 11. Qc2 e5 12. O-O c5 13. d5 a6 14. Rfd1 b5 15.
d6 Qd8 16. Be4 Rb8 17. Nd5 Nxd5 18. Rxd5 Bb7 19. Rdd1 Bxe4 20. Qxe4 Re8 21. Qf5
g6 22. Qe4 Kg7 23. Rac1 f5 24. Qc6 Rb6 25. Qc7 Kf6 26. Qxd8+ Rxd8 27. Rd5 e4
28. Ne1 Ke6 29. Rcd1 Rc8 30. g3 Rcc6 31. Ng2 Rxd6 32. Nf4+ Ke7 33. h4 Rbc6 34.
Kf1 Nf6 35. Re5+ Kd7 36. Ke2 Rxd1 37. Kxd1 Ng4 38. Rd5+ Rd6 39. Rxd6+ Kxd6 40.
Ke2 Ne5 41. Kd2 c4 42. Kc3 Nd3 43. Nxd3 cxd3 44. b3 Ke6 45. Kd2 Kf6 46. Kd1 Kg7
47. Kd2 Kh6 48. Ke1 Kh5 49. a4 bxa4 50. bxa4 a5 51. Kd2 Kg4 52. Kd1 Kf3 53. Ke1
h6 54. h5 gxh5 55. g4 hxg4 0-1